00688cam a2200229 a 45000010005000000030009000050050017000140080041000310100017000720200015000890400028001040820020001321000023001522450082001752600037002573000048002945000020003426300018003626500039003807000019004197000020004381981BD-DhUAP20210117150817.0210117s1995 inua 001 0 eng  a 95071459  a078970000X aDLCcDLCdBD-DhUAPbeng00a005.265 JAC2231 aJacobs, Russell L.10aVisual Basic 4 by example /cRussell L. Jacobs, Lowell Mauer and Steve Potts. aIndianapolis, IN :bQue,cc1995. axviii, 598 pages :billustrations ;c23 cm. aIncludes index.00aVisual Basic. 0aBASIC (Computer program language).1 aMauer, Lowell.1 aPotts, Stephen.